| 000 | 01672nam a2200277Ia 4500 | ||
|---|---|---|---|
| 003 | OSt | ||
| 005 | 20210927135940.0 | ||
| 008 | 210310s2012 ck ad gr 000 0 spa d | ||
| 020 | _a9789585704220 | ||
| 040 |
_aCO-JMCR _cCO-JMCR |
||
| 041 | 0 | _aspa | |
| 082 | 0 | 4 |
_a338.09861 / _bC617d _223 |
| 100 | 1 |
_aClavijo, Sergio, _eautor _928582 |
|
| 245 | 1 | 3 |
_aLa desindustrialización en Colombia : _banálisis cuantitativo de sus determinantes / _cSergio Clavijo, Alejandro Vera, Alejandro Fandiño |
| 260 |
_aBogotá : _bCentro de Estudios Económicos, _c2012. |
||
| 300 |
_a102 páginas : _bilustraciones y gráficas en blanco y negro ; _c21 cm. |
||
| 500 | _aIncluye índice de gráficas. | ||
| 504 | _aBibliografía : páginas 83-85. | ||
| 505 | 0 | _aTeoría y evidencia sobre desindustrialización. -- La desindustrialización en Colombia. -- Determinantes del proceso de desindustrialización en Colombia. -- ¿Hacia dónde va el sector industrial colombiano? | |
| 520 | 0 | _aEste documento analiza el proceso de desindustrialización de Colombia durante 1965-2012, tratando de separar lo que sería su "movimiento secular" (normal) de aquellos factores que lo han acelerado por cuenta de la llamada Enfermedad Holandesa (EH). Se trata de una acelerada desindustrialización, donde la relación Valor Agregado Industrial/PIB ha caído de un valor cercano al 24% a mediados de los años setenta hacia un 20%-22% en los ochenta y ahora. | |
| 650 | 1 | 4 |
_aDesindustrialización. _zColombia _940828 |
| 650 | 2 | 4 |
_aTeoría desentralización _zColombia _940829 |
| 700 |
_aVera, Alejandro, _eautor _94755 |
||
| 700 |
_aFandiño, Alejandro, _eautor _940830 |
||
| 942 |
_2ddc _cBK |
||
| 999 |
_c12564 _d12564 |
||